[Event "ICS rated blitz match"]
[Site "207.99.83.229"]
[Date "1999.06.11"]
[Round "?"]
[White "Secret"]
[Black "Hossa"]
[Result "1-0"]
[WhiteElo "2336"]
[BlackElo "2471"]
[PlyCount "68"]

1. e4 c5 2. Nc3 e6 3. f4 Nc6 4. Nf3 d5 5. Bb5 Nf6 6. e5 Nd7 7. O-O Be7 8. d4 a6
9. Bxc6 bxc6 10. Be3 O-O 11. dxc5 Nxc5 12. b4 Ne4 13. Nxe4 dxe4 14. Qxd8 Rxd8
15. Nd2 Rb8 16. a3 c5 17. bxc5 Bxc5 18. Bxc5 Rxd2 19. Rfd1 Rd7 20. Rac1 Rb2 21.
Rxd7 Bxd7 22. Rd1 Rb7 23. Rd6 Rc7 24. Bb6 Rb7 25. Kf2 h5 26. Ke3 Ba4 27. c4 Bc2
28. c5 Bb1 29. Kd4 Ba2 30. c6 Rxb6 31. c7 Rb2 32. c8=Q+ Kh7 33. Qf8 Rxg2 34.
Qxf7 34... Rxh2 {Hossa resigns} 1-0

[Event "ICS rated blitz match"]
[Site "207.99.83.229"]
[Date "1999.06.11"]
[Round "?"]
[White "Hossa"]
[Black "RedBear"]
[Result "0-1"]
[WhiteElo "2449"]
[BlackElo "2501"]
[PlyCount "69"]

1. e4 c5 2. Nf3 e6 3. d4 cxd4 4. Nxd4 Nc6 5. Nc3 Nf6 6. Nxc6 bxc6 7. e5 Nd5 8.
Ne4 Qc7 9. f4 Qb6 10. c4 Bb4+ 11. Ke2 f5 12. Ng5 h6 13. Nh3 Ba6 14. Kf3 Ne7 15.
a3 Bc5 16. b4 Bxc4 17. Bxc4 Bd4 18. Ra2 g5 19. fxg5 Ng6 20. Bf4 hxg5 21. Nxg5
Nxf4 22. Nf7 Kxf7 23. Kxf4 Rh4+ 24. Kf3 Qb7 25. Qf1 Bxe5 26. Qd3 c5+ 27. Kf2 d5
28. Ba6 Qb6 29. bxc5 Qxc5+ 30. Ke2 Re4+ 31. Kd1 Rd4 32. g3 Rxd3+ 33. Bxd3 Qe3
34. Ba6 Rb8 35. Rf1 {Hossa resigns} 0-1

[Event "ICS rated blitz match"]
[Site "207.99.83.229"]
[Date "1999.06.11"]
[Round "?"]
[White "JJcool"]
[Black "Hossa"]
[Result "1-0"]
[WhiteElo "2632"]
[BlackElo "2442"]
[PlyCount "80"]

1. e4 c5 2. Nf3 e6 3. d4 cxd4 4. Nxd4 a6 5. Bd3 Nc6 6. Nxc6 dxc6 7. Nd2 Nf6 8.
O-O Be7 9. Qe2 Nd7 10. Nf3 Nc5 11. Rd1 Qc7 12. e5 O-O 13. Bg5 f6 14. Bf4 Nxd3
15. Rxd3 Qb6 16. c3 Qa5 17. Qe4 Rd8 18. b4 Qa4 19. Rxd8+ Bxd8 20. Qd4 Be7 21.
exf6 gxf6 22. Bd6 Bxd6 23. Qxd6 Qc2 24. Qe7 Qg6 25. Rd1 Qf7 26. Rd8+ Kg7 27.
Qd6 h6 28. Nd4 e5 29. Nf5+ Bxf5 30. Rxa8 Qxa2 31. Qc7+ Kg6 32. h4 Qa1+ 33. Kh2
Be6 34. Rf8 Qxc3 35. h5+ Kxh5 36. Rxf6 Qd4 37. Qe7 Qh4+ 38. Kg1 Qxf6 39. Qxf6
Bg4 40. f3 40... e4 {Hossa resigns} 1-0

[Event "ICS Rated standard match"]
[Site "207.99.83.229"]
[Date "1999.06.12"]
[Round "?"]
[White "Hossa"]
[Black "RETI"]
[Result "1-0"]
[WhiteElo "2319"]
[BlackElo "2536"]
[PlyCount "199"]

1. e4 c5 2. Nf3 d6 3. d4 cxd4 4. Nxd4 Nf6 5. Nc3 Nc6 6. Bg5 e6 7. Qd2 Be7 8.
O-O-O O-O 9. f4 Nxd4 10. Qxd4 Qa5 11. e5 dxe5 12. Qxe5 Qxe5 13. fxe5 Nd5 14.
Bxe7 Nxe7 15. Bc4 Ng6 16. Rhe1 b6 17. g3 Bb7 18. Rd7 Rab8 19. Nb5 Rfd8 20.
Rxd8+ Rxd8 21. Nxa7 Bd5 22. Bxd5 Rxd5 23. Nc8 b5 24. b4 Kf8 25. Nb6 Rd8 26. c4
bxc4 27. Kc2 Ne7 28. Nxc4 Nc6 29. Kc3 Rb8 30. a3 Ke7 31. Rb1 Rc8 32. Kd3 Rd8+
33. Kc2 Rc8 34. Kd2 Rd8+ 35. Ke3 Rd5 36. a4 Nxe5 37. Nxe5 Rxe5+ 38. Kd3 Kd6 39.
Kc4 Re2 40. h4 Re4+ 41. Kb5 Re3 42. Rd1+ Kc7 43. Rg1 f5 44. Ka6 Re4 45. Rc1+
Kd7 46. Ka5 Re3 47. Rg1 Kc7 48. b5 Kb7 49. Rg2 h5 50. Rg1 g6 51. Rd1 Rxg3 52.
Re1 Kc8 53. Rxe6 Kd7 54. Re2 Rg4 55. Rh2 Kc8 56. Rh3 Kb7 57. Rh1 f4 58. Rh3 Rg3
59. Rh2 f3 60. Rd2 Rg4 61. Rd7+ Kc8 62. Rf7 Rxh4 63. Rxf3 g5 64. Rf8+ Kb7 65.
Rf7+ Kc8 66. b6 Re4 67. Rg7 g4 68. Kb5 Kb8 69. a5 Re5+ 70. Ka6 Re8 71. Rb7+ Ka8
72. Ra7+ Kb8 73. Rg7 Rf8 74. Rg5 h4 75. Kb5 h3 76. a6 h2 77. Rh5 h1=Q 78. Rxh1
Rf5+ 79. Kc4 Rf4+ 80. Kd5 Rf5+ 81. Ke6 Rf8 82. Rh7 Rg8 83. Kf7 Rd8 84. Rh4 g3
85. Rg4 Ka8 86. Rxg3 Rd7+ 87. Ke6 Rd8 88. Rg7 Rh8 89. Kf7 Kb8 90. Rg8+ Rxg8 91.
Kxg8 Kc8 92. b7+ Kc7 93. Kf7 Kb8 94. Ke6 Kc7 95. Kd5 Kd8 96. b8=Q+ Ke7 97. Qf4
Kd7 98. a7 Ke7 99. a8=Q Kd7 100. Qf7# {RETI checkmated} 1-0

[Event "ICS rated standard match"]
[Site "207.99.83.229"]
[Date "1999.06.12"]
[Round "?"]
[White "Mofongo"]
[Black "Hossa"]
[Result "1-0"]
[WhiteElo "2507"]
[BlackElo "2344"]
[PlyCount "70"]

1. e4 c5 2. Nf3 e6 3. d4 cxd4 4. Nxd4 Nc6 5. Nc3 Nf6 6. Ndb5 Bb4 7. a3 Bxc3+ 8.
Nxc3 d5 9. exd5 Nxd5 10. Bd2 O-O 11. Bd3 Qb6 12. Rb1 Qd4 13. O-O Ne5 14. Nxd5
Qxd5 15. Be2 Nc6 16. Bf3 Qf5 17. Re1 Rd8 18. Be4 Qf6 19. Qe2 Qh4 20. g3 Qh3 21.
Bf4 Nd4 22. Qc4 Rd7 23. c3 Nf5 24. Rbd1 h6 25. Qa4 Rxd1 26. Rxd1 Kh7 27. Qe8 e5
28. Bxe5 Qg4 29. f3 Qg5 30. Qxf7 h5 31. Rd8 Qe3+ 32. Kf1 Qxe4 33. fxe4 Be6 34.
Qxh5+ Nh6 35. Qg5 35... g6 {Hossa resigns} 1-0

[Event "ICS rated blitz match"]
[Site "207.99.83.229"]
[Date "1999.06.12"]
[Round "?"]
[White "EXchess"]
[Black "Hossa"]
[Result "1-0"]
[WhiteElo "2476"]
[BlackElo "2462"]
[PlyCount "68"]

1. e4 c5 2. Nf3 e6 3. d4 cxd4 4. Nxd4 Nc6 5. Nc3 Qc7 6. f4 Bc5 7. Nxc6 dxc6 8.
Bd2 Ne7 9. Qf3 O-O 10. O-O-O Rd8 11. Kb1 Bb4 12. Be2 a5 13. f5 exf5 14. Bf4 Bd6
15. Bxd6 Rxd6 16. Qf4 fxe4 17. Qxd6 Qxd6 18. Rxd6 Bf5 19. Rhd1 Re8 20. Rd8 Kf8
21. Rxe8+ Kxe8 22. Rd4 e3 23. Rf4 b5 24. Nd1 g5 25. Rd4 Bg6 26. Nxe3 f5 27. Bd3
a4 28. c3 h5 29. Rd6 Kf7 30. Nc2 h4 31. Nd4 c5 32. Nxb5 Kg7 33. Rd7 Kf6 34. Rc7
34... h3 {Hossa resigns} 1-0

[Event "ICS rated blitz match"]
[Site "207.99.83.229"]
[Date "1999.06.12"]
[Round "?"]
[White "Hossa"]
[Black "Olissimo"]
[Result "1-0"]
[WhiteElo "2447"]
[BlackElo "2218"]
[PlyCount "157"]

1. e4 c5 2. Nf3 Nc6 3. d4 cxd4 4. Nxd4 Nf6 5. Nxc6 dxc6 6. Qxd8+ Kxd8 7. Nc3 e5
8. Bc4 Ke8 9. O-O Bb4 10. Bd2 a5 11. a3 Bc5 12. Rae1 b5 13. Bd3 Be6 14. Rd1 Ke7
15. a4 b4 16. Ne2 Rhd8 17. Bg5 h6 18. Bh4 g5 19. Bg3 Nd7 20. b3 f6 21. Rd2 Bb6
22. Re1 Nc5 23. Nc1 Rd7 24. Kh1 Rad8 25. Ree2 Nb7 26. f3 Bd4 27. Be1 Bc3 28.
Rd1 Bxe1 29. Rexe1 Nc5 30. Re3 h5 31. Rd2 h4 32. Rd1 Rd4 33. Kg1 Nb7 34. Ne2
R4d6 35. h3 Nc5 36. Nc1 Nb7 37. Re2 c5 38. Re3 c4 39. bxc4 Bxc4 40. Rde1 Be6
41. Bb5 Nc5 42. Nd3 Nxd3 43. Rxd3 Rxd3 44. Bxd3 Rd4 45. Rb1 Kd6 46. Kh2 Kc5 47.
Bb5 Rd2 48. Rc1 Bc4 49. Be8 Kd4 50. Kh1 Kc3 51. Bb5 Be6 52. Bd3 b3 53. cxb3+
Kxd3 54. Rc5 Bxb3 55. Rxa5 Ra2 56. Ra6 Rxa4 57. Rxf6 Ke3 58. Rf5 Kf2 59. Kh2
Ra2 60. Rxe5 g4 61. hxg4 Kf1 62. Rb5 Rxg2+ 63. Kh3 Bc2 64. Rb2 Kg1 65. Kxh4
Rh2+ 66. Kg3 Rg2+ 67. Kf4 Rf2 68. Ke5 Kg2 69. f4 Kg3 70. g5 Bxe4 71. Rxf2 Kxf2
72. Kxe4 Kg3 73. g6 Kf2 74. g7 Ke2 75. g8=Q Kd2 76. Qc8 Ke2 77. Qc2+ Ke1 78.
Kf3 Kf1 79. Qc1# {Olissimo checkmated} 1-0

[Event "ICS rated blitz match"]
[Site "207.99.83.229"]
[Date "1999.06.12"]
[Round "?"]
[White "MissSilicon"]
[Black "Hossa"]
[Result "1-0"]
[WhiteElo "2559"]
[BlackElo "2453"]
[PlyCount "114"]

1. e4 c5 2. Nf3 Nc6 3. d4 cxd4 4. Nxd4 Nf6 5. Nc3 Qb6 6. Nb3 Qc7 7. Be3 e5 8.
Nd5 Nxd5 9. exd5 Nd8 10. Bd3 Be7 11. Qg4 Bf6 12. Nc5 Qa5+ 13. b4 Qa3 14. O-O d6
15. Bb5+ Ke7 16. Qc4 a6 17. Nxa6 bxa6 18. Bc1 axb5 19. Qc7+ Bd7 20. Bxa3 Rxa3
21. Rfe1 Ra8 22. Re2 Rc8 23. Qa7 Rc4 24. Rb1 Bh4 25. g3 Bf6 26. Rb3 h5 27. c3
h4 28. f4 hxg3 29. hxg3 e4 30. Ra3 Rh5 31. Qa8 Rh3 32. Kg2 Rh8 33. Qb8 Bh3+ 34.
Kg1 Bd4+ 35. cxd4 Rc1+ 36. Kf2 Rf1+ 37. Ke3 Rf3+ 38. Kd2 Rxa3 39. Rxe4+ Kd7 40.
Qxb5+ Kc8 41. Re7 Bf5 42. Kc1 Rc3+ 43. Kb2 Rc7 44. Qa6+ Rb7 45. Qxd6 Rh2+ 46.
Kb3 Bc2+ 47. Kc3 Rxe7 48. Qxe7 Bd1 49. d6 Rc2+ 50. Kd3 g5 51. fxg5 Rc6 52. d5
Rc2 53. d7+ Kc7 54. d6+ Kb7 55. Qxd8 Rc1 56. Qe7 Kc6 57. d8=Q 57... Bc2+ {
Hossa resigns} 1-0

[Event "ICS Rated standard match"]
[Site "207.99.83.229"]
[Date "1999.06.12"]
[Round "?"]
[White "alkhateeb"]
[Black "Hossa"]
[Result "1-0"]
[WhiteElo "2314"]
[BlackElo "2335"]
[PlyCount "128"]

1. d4 d5 2. c4 c6 3. Nc3 e6 4. Nf3 Nf6 5. e3 Nbd7 6. Bd3 dxc4 7. Bxc4 Bb4 8.
O-O O-O 9. a3 Bd6 10. e4 Be7 11. e5 Ne8 12. Ne4 Nb6 13. Bd3 Nc7 14. Qe2 Ncd5
15. Rd1 Bd7 16. Neg5 h6 17. Nh3 Qe8 18. Re1 Qc8 19. Bd2 Na4 20. Rab1 Nab6 21.
Rbc1 Na4 22. Rc2 Nab6 23. Qe4 f5 24. exf6 Nxf6 25. Qe2 Nfd5 26. Ne5 Be8 27.
Bxh6 gxh6 28. Qg4+ Kh8 29. Ng6+ Bxg6 30. Qxg6 Rf7 31. Qxf7 Qg8 32. Qxg8+ Kxg8
33. Rxe6 Bf6 34. Re4 Bg7 35. Rce2 Rf8 36. g3 Rf3 37. Bc2 a5 38. Kg2 Rf8 39. f4
Nc4 40. Bb3 Nd6 41. Re5 Bxe5 42. dxe5 Nf5 43. Bxd5+ cxd5 44. Ng1 Rd8 45. Nf3 h5
46. Kf2 b5 47. Rd2 b4 48. axb4 axb4 49. Nd4 Ne7 50. f5 Rf8 51. f6 Ng6 52. Nf3
Nxe5 53. Nxe5 Rxf6+ 54. Ke3 Rd6 55. Kd4 b3 56. Rd3 Rb6 57. Kxd5 Rb5+ 58. Ke6
Kh8 59. Rd7 Kg8 60. Kf6 Rb6+ 61. Kf5 Ra6 62. Rb7 Kh8 63. Rxb3 Kg8 64. Rb7 64...
Kf8 {Hossa resigns} 1-0

[Event "ICS rated standard match"]
[Site "207.99.83.229"]
[Date "1999.06.12"]
[Round "?"]
[White "Hossa"]
[Black "attackdefence"]
[Result "1-0"]
[WhiteElo "2318"]
[BlackElo "2100"]
[PlyCount "39"]

1. e4 e5 2. Nf3 Nc6 3. d4 exd4 4. Bc4 Nf6 5. e5 d5 6. Bb5 Ne4 7. Nxd4 Bd6 8.
Nxc6 bxc6 9. Bxc6+ Bd7 10. Qxd5 Nxf2 11. Bxd7+ Qxd7 12. Qxa8+ Ke7 13. exd6+
Qxd6 14. Qxh8 Qd1+ 15. Kxf2 Qxh1 16. Bg5+ Kd7 17. Nc3 Qxa1 18. Qd8+ Kc6 19.
Qd5+ Kb6 20. Qb5# {attackdefence checkmated} 1-0

[Event "ICS rated blitz match"]
[Site "207.99.83.229"]
[Date "1999.06.12"]
[Round "?"]
[White "Hossa"]
[Black "DiDiodato"]
[Result "1-0"]
[WhiteElo "2442"]
[BlackElo "2114"]
[PlyCount "55"]

1. e4 a6 2. Nf3 e6 3. Be2 c5 4. O-O Nc6 5. d4 cxd4 6. Nxd4 Nf6 7. Nxc6 dxc6 8.
Qxd8+ Kxd8 9. Rd1+ Bd7 10. e5 Ne4 11. Bf3 f5 12. Bxe4 fxe4 13. Nc3 Be7 14. Be3
Kc7 15. Bb6+ Kxb6 16. Rxd7 Bb4 17. Nxe4 Rhg8 18. Nd6 Bxd6 19. exd6 Rad8 20.
Rxd8 Rxd8 21. Rd1 Rd7 22. a4 Kc5 23. a5 Kb5 24. h4 Kxa5 25. Kh2 Kb5 26. Kg3 Kc5
27. Kf4 Rxd6 28. b4+ {DiDiodato resigns} 1-0

[Event "ICS Rated standard match"]
[Site "207.99.83.229"]
[Date "1999.06.12"]
[Round "?"]
[White "Hossa"]
[Black "stevesand"]
[Result "1-0"]
[WhiteElo "2328"]
[BlackElo "2174"]
[PlyCount "96"]

1. e4 c6 2. d4 d5 3. e5 Bf5 4. Nf3 e6 5. Be2 c5 6. O-O Nc6 7. Be3 Qb6 8. b3
cxd4 9. Nxd4 Nxd4 10. Qxd4 Qxd4 11. Bxd4 Bxc2 12. Rc1 Bxb1 13. Raxb1 Kd8 14.
Bh5 g6 15. Be2 Ne7 16. Bb5 Bh6 17. Rc2 Rc8 18. Re2 Nc6 19. Bxc6 Rxc6 20. Bxa7
b6 21. a4 Kc7 22. a5 bxa5 23. Ra2 Ra6 24. Be3 Bxe3 25. fxe3 Rb8 26. Rf2 Ra7 27.
Rxf7+ Kb6 28. Rf4 Ka6 29. Ra4 Rab7 30. Rba1 Rb5 31. b4 Rf8 32. g4 Rf3 33. R1a3
h5 34. gxh5 gxh5 35. Kg2 Rf5 36. Rxa5+ Rxa5 37. bxa5 Rxe5 38. Kf3 Rf5+ 39. Kg3
e5 40. Ra4 e4 41. Kh4 Rf3 42. Rd4 Rf5 43. Ra4 Kb5 44. Ra2 Ka6 45. Ra3 Rf3 46.
Kxh5 d4 47. Kg4 d3 48. Rxd3 48... Rxe3 {stevesand resigns} 1-0

[Event "ICS rated standard match"]
[Site "207.99.83.229"]
[Date "1999.06.12"]
[Round "?"]
[White "Alex72"]
[Black "Hossa"]
[Result "0-1"]
[WhiteElo "2046"]
[BlackElo "2337"]
[PlyCount "56"]

1. e4 c5 2. Nf3 Nc6 3. Bb5 d6 4. O-O e5 5. c3 Nf6 6. Bd3 Be7 7. Bc2 O-O 8. h3
d5 9. exd5 Qxd5 10. Re1 e4 11. Nh2 Bd6 12. Qe2 Ne5 13. Bxe4 Qxe4 14. Qxe4 Nxe4
15. Rxe4 Nd3 16. Na3 Bf5 17. Re2 Rfe8 18. Rxe8+ Rxe8 19. Nf3 Re2 20. Nc4 Bf4
21. Ne3 Be4 22. b4 cxb4 23. cxb4 Bxf3 24. gxf3 Be5 25. Rb1 Re1+ 26. Kg2 Nf4+
27. Kg3 Rg1+ 28. Kh4 28... Bf6# {Alex72 checkmated} 0-1

[Event "ICS rated standard match"]
[Site "207.99.83.229"]
[Date "1999.06.12"]
[Round "?"]
[White "Sokolsky1999"]
[Black "Hossa"]
[Result "0-1"]
[WhiteElo "2019"]
[BlackElo "2342"]
[PlyCount "38"]

1. Nc3 e5 2. Nf3 Nc6 3. d4 exd4 4. Nxd4 Nf6 5. Bf4 Bb4 6. Ndb5 Ba5 7. b4 Nxb4
8. a3 Nc6 9. g3 a6 10. Nxc7+ Qxc7 11. Bxc7 Bxc3+ 12. Qd2 Bxd2+ 13. Kxd2 O-O 14.
Bg2 d5 15. h4 Bf5 16. Bh3 Ne4+ 17. Ke3 Bxh3 18. Rxh3 Rfe8 19. Rb1 19... Nc3+ {
Sokolsky1999 resigns} 0-1

[Event "ICS rated standard match"]
[Site "207.99.83.229"]
[Date "1999.06.12"]
[Round "?"]
[White "Hossa"]
[Black "Alex72"]
[Result "1-0"]
[WhiteElo "2342"]
[BlackElo "2041"]
[PlyCount "48"]

1. e4 e5 2. Nf3 d5 3. exd5 e4 4. Qe2 Nf6 5. Nc3 Be7 6. Nxe4 Nxd5 7. d4 O-O 8.
Bd2 Re8 9. O-O-O Bb4 10. c3 Ba5 11. Ne5 f6 12. Nc4 Bb6 13. Qf3 Nc6 14. Re1 Be6
15. Kb1 Bxd4 16. cxd4 Nxd4 17. Qd3 c5 18. Nxc5 Bf5 19. Ne4 Rxe4 20. Rxe4 Ne6
21. f3 Qd7 22. Ne3 Nc5 23. Qc4 Ne6 24. Nxf5 24... Nec7 {Alex72 resigns} 1-0

[Event "ICS rated blitz match"]
[Site "207.99.83.229"]
[Date "1999.06.12"]
[Round "?"]
[White "egghead"]
[Black "Hossa"]
[Result "1-0"]
[WhiteElo "2750"]
[BlackElo "2446"]
[PlyCount "64"]

1. e4 c5 2. Nf3 Nc6 3. d4 cxd4 4. Nxd4 Nf6 5. Nc3 d6 6. Bg5 Bd7 7. Qd2 Rc8 8.
O-O-O Nxd4 9. Qxd4 Qa5 10. f4 Rc7 11. e5 dxe5 12. fxe5 Qc5 13. Bf4 Qxd4 14.
Rxd4 Rxc3 15. bxc3 Ng4 16. Be2 f5 17. Rhd1 Be6 18. Bf3 Bxa2 19. Ra4 Be6 20.
Rxa7 b5 21. h3 Nf2 22. Rf1 Nxh3 23. gxh3 Bc4 24. Bg5 g6 25. Rd1 Rg8 26. Bc6+
Kf7 27. Rdd7 f4 28. Rxe7+ Bxe7 29. Rxe7+ Kf8 30. Rxh7 Rg7 31. Bh6 Ke7 32. Rxg7+
32... Ke6 {Hossa resigns} 1-0

[Event "ICS rated standard match"]
[Site "207.99.83.229"]
[Date "1999.06.12"]
[Round "?"]
[White "Pinhead"]
[Black "Hossa"]
[Result "0-1"]
[WhiteElo "2013"]
[BlackElo "2347"]
[PlyCount "43"]

1. e4 c5 2. Nf3 Nc6 3. d4 cxd4 4. Nxd4 Nf6 5. Nc3 e5 6. Ndb5 d6 7. Bg5 a6 8.
Bxf6 gxf6 9. Na3 f5 10. Bd3 Be7 11. Nd5 O-O 12. exf5 Qa5+ 13. Nc3 d5 14. O-O
Bxa3 15. Nxd5 Qxd5 16. bxa3 Kh8 17. c4 Qd6 18. Qh5 Qxd3 19. g4 Rg8 20. h3 Qxf5
21. Qxf5 Bxf5 22. Kh2 {Pinhead resigns} 0-1

[Event "ICS rated blitz match"]
[Site "207.99.83.229"]
[Date "1999.06.12"]
[Round "?"]
[White "RoboMagneto"]
[Black "Hossa"]
[Result "1-0"]
[WhiteElo "2636"]
[BlackElo "2441"]
[PlyCount "120"]

1. d4 d5 2. c4 c6 3. Nf3 Nf6 4. Nc3 e6 5. e3 Nbd7 6. Qc2 Be7 7. b3 O-O 8. Bd3
Qc7 9. cxd5 exd5 10. O-O Bd6 11. Bb2 Nb6 12. Rac1 a6 13. Ne2 Bg4 14. Ne5 Bxe2
15. Qxe2 Nbd7 16. Nxd7 Qxd7 17. Qf3 Qg4 18. Qf5 Rae8 19. a3 Qg6 20. Rfe1 Ne4
21. Qxg6 fxg6 22. f3 Nf6 23. e4 Bf4 24. Rc2 dxe4 25. fxe4 Ng4 26. g3 Be3+ 27.
Kh1 Kh8 28. h3 Nf2+ 29. Kg2 Bxd4 30. Bxa6 bxa6 31. Bxd4 Nxe4 32. Rxc6 Nd2 33.
Rxe8 Rxe8 34. b4 Nb3 35. Bc3 Ra8 36. Rc7 Kg8 37. Rxg7+ Kf8 38. Rxh7 Re8 39.
Rh8+ Kf7 40. Rxe8 Kxe8 41. h4 Nc1 42. a4 Kd7 43. b5 axb5 44. axb5 Kd6 45. b6
Nb3 46. Be5+ Kc6 47. Bc7 Nd4 48. g4 Ne6 49. h5 gxh5 50. gxh5 Ng5 51. h6 Kb7 52.
Kg3 Kc6 53. Kg4 Nh7 54. Kf5 Nf8 55. Kf6 Kb7 56. Bd6 Nd7+ 57. Ke6 Nb8 58. Bxb8
Ka6 59. Ba7 Kb5 60. b7 60... Kc4 {Hossa resigns} 1-0

[Event "ICS rated blitz match"]
[Site "207.99.83.229"]
[Date "1999.06.12"]
[Round "?"]
[White "Hossa"]
[Black "Frank"]
[Result "0-1"]
[WhiteElo "2433"]
[BlackElo "2128"]
[PlyCount "119"]

1. e4 Nf6 2. Nc3 d5 3. e5 d4 4. exf6 dxc3 5. fxg7 cxd2+ 6. Qxd2 Qxd2+ 7. Bxd2
Bxg7 8. O-O-O O-O 9. Bd3 Bg4 10. f3 Bh5 11. Ne2 Bg6 12. Bxg6 hxg6 13. h4 Nd7
14. h5 Ne5 15. h6 Bf6 16. Bc3 Rad8 17. Kb1 Nc4 18. Bxf6 exf6 19. Rd4 Nd6 20.
Nc3 Nf5 21. Rxd8 Rxd8 22. g4 Nd4 23. Ne4 Nxf3 24. Nxf6+ Kh8 25. Kc1 Rd6 26. Ne8
Rc6 27. Rf1 Ng5 28. Nf6 Nh7 29. Nxh7 Kxh7 30. g5 Kg8 31. b4 Rb6 32. c3 Rb5 33.
Rg1 Kh7 34. Kd2 f6 35. gxf6 Kxh6 36. Rf1 Rf5 37. Ke2 Rxf1 38. Kxf1 g5 39. f7
Kg7 40. f8=Q+ Kxf8 41. Kf2 Kf7 42. c4 Ke6 43. Kf3 Ke5 44. Kg4 Kd4 45. c5 Kc4
46. a3 Kb3 47. c6 bxc6 48. Kf5 Kxa3 49. Kg4 Kxb4 50. Kh3 Kc4 51. Kg4 Kd4 52.
Kh3 Ke4 53. Kg4 a5 54. Kh3 a4 55. Kg4 a3 56. Kh5 a2 57. Kg6 a1=Q 58. Kf7 Qe5
59. Kg6 g4 60. Kf7 {Hossa resigns} 0-1

[Event "ICS rated blitz match"]
[Site "207.99.83.229"]
[Date "1999.06.12"]
[Round "?"]
[White "prili"]
[Black "Hossa"]
[Result "0-1"]
[WhiteElo "2182"]
[BlackElo "2406"]
[PlyCount "76"]

1. e3 c5 2. Nf3 d5 3. b3 Nf6 4. Bb2 e6 5. Bb5+ Nbd7 6. Ne5 Be7 7. O-O O-O 8.
Bxd7 Nxd7 9. f4 Bd6 10. Qg4 Nf6 11. Qg3 Ne4 12. Qe1 Be7 13. d3 Nd6 14. g4 Bh4
15. Qe2 Qe8 16. Nd2 Bd8 17. Qf3 f6 18. Qg3 fxe5 19. fxe5 Nf7 20. h4 Qe7 21. g5
Bb6 22. Rf3 Ba5 23. Nf1 Bd7 24. Nh2 c4 25. Ng4 cxd3 26. cxd3 Kh8 27. Nf6 Rac8
28. Qg4 gxf6 29. exf6 Qd6 30. Qh5 Rc2 31. Rh3 Ne5 32. g6 Nxg6 33. Ba3 Qxa3 34.
Qh6 Rc1+ 35. Kh2 Qb2+ 36. Kg3 Be1+ 37. Kf3 Qf2+ 38. Kg4 38... Qf5# {
prili checkmated} 0-1

[Event "ICS rated blitz match"]
[Site "207.99.83.229"]
[Date "1999.06.12"]
[Round "?"]
[White "Hossa"]
[Black "Frank"]
[Result "1-0"]
[WhiteElo "2413"]
[BlackElo "2155"]
[PlyCount "75"]

1. d4 f5 2. g3 Nf6 3. Nf3 d5 4. Bg2 e6 5. Bf4 c6 6. O-O Be7 7. Nbd2 O-O 8. c3
Bd7 9. Ne5 Be8 10. Qb3 Qc8 11. c4 Nbd7 12. Rac1 Bh5 13. Qd3 Ne4 14. Ndf3 Bf6
15. Rce1 g5 16. Be3 g4 17. Nxd7 Qxd7 18. Ne5 Bxe5 19. dxe5 Qg7 20. Bf4 Bf7 21.
Qe3 d4 22. Qa3 Ng5 23. Rd1 Rfd8 24. Bxg5 Qxg5 25. Qc5 b6 26. Qxc6 Rac8 27. Qb7
Rxc4 28. Qxa7 Rc2 29. Qxb6 Rxe2 30. Rxd4 Rxd4 31. Qxd4 Qe7 32. Rc1 h5 33. Rc8+
Kg7 34. Kf1 Re4 35. Bxe4 fxe4 36. Qd8 Qa7 37. Qf6+ Kh7 38. Rh8# {
Frank checkmated} 1-0

[Event "ICS rated standard match"]
[Site "207.99.83.229"]
[Date "1999.06.12"]
[Round "?"]
[White "Hossa"]
[Black "Mensa-nger"]
[Result "1-0"]
[WhiteElo "2351"]
[BlackElo "2158"]
[PlyCount "47"]

1. d4 d5 2. c4 e6 3. Nf3 Nf6 4. g3 c6 5. cxd5 cxd5 6. Bh3 Nc6 7. O-O Be7 8. Nc3
O-O 9. Bg5 h6 10. Bf4 a6 11. Bg2 Bd7 12. Rc1 Rc8 13. a3 Re8 14. Qd3 Na5 15. Ne5
Nc4 16. Nxc4 dxc4 17. Qd1 Qb6 18. Rc2 Bc6 19. e4 Rcd8 20. Rd2 Nd7 21. d5 exd5
22. exd5 Bb5 23. a4 g5 24. Be3 {Mensa-nger resigns} 1-0

[Event "ICS Rated blitz match"]
[Site "207.99.83.229"]
[Date "1999.06.12"]
[Round "?"]
[White "Hossa"]
[Black "blunite"]
[Result "0-1"]
[WhiteElo "2419"]
[BlackElo "2213"]
[PlyCount "118"]

1. e4 e5 2. Nf3 Nc6 3. Bc4 Bc5 4. c3 Nf6 5. d4 exd4 6. cxd4 Bb4+ 7. Nc3 Nxe4 8.
O-O Bxc3 9. bxc3 d5 10. Bd3 O-O 11. Qb3 h6 12. Bf4 Rb8 13. Rae1 Bf5 14. Re3 Bg6
15. Rfe1 a6 16. Qc2 Kh7 17. Ne5 Nxe5 18. Bxe5 Rc8 19. Qb2 b5 20. Qa3 c6 21.
Qxa6 Qd7 22. Qa3 f6 23. Bxe4 dxe4 24. Bd6 Rfd8 25. Bc5 Qg4 26. f3 exf3 27. Rxf3
Re8 28. Qc1 Rxe1+ 29. Qxe1 Re8 30. Qf1 Qg5 31. c4 Qd2 32. Rf2 Qa5 33. Re2 Bd3
34. Rxe8 Bxf1 35. Kxf1 bxc4 36. Re2 c3 37. a3 Qb5 38. Kf2 Qb2 39. h4 c2 40. g3
c1=Q 41. Rxb2 Qxb2+ 42. Kf3 f5 43. g4 Qc3+ 44. Kf4 fxg4 45. Kxg4 Qc2 46. Kg3 g5
47. hxg5 hxg5 48. Kg4 Kg6 49. Kg3 Qd3+ 50. Kf2 g4 51. Kg2 Qf3+ 52. Kg1 g3 53.
d5 cxd5 54. a4 Kf5 55. a5 Kg4 56. Bd4 Qd1+ 57. Kg2 Qxd4 58. a6 Qf2+ 59. Kh1
59... Qh2# {Hossa checkmated} 0-1

[Event "ICS rated blitz match"]
[Site "207.99.83.229"]
[Date "1999.06.12"]
[Round "?"]
[White "blunite"]
[Black "Hossa"]
[Result "1/2-1/2"]
[WhiteElo "2250"]
[BlackElo "2394"]
[PlyCount "56"]

1. d4 e6 2. c4 d5 3. Nc3 Bb4 4. Qb3 Bxc3+ 5. bxc3 Ne7 6. Bg5 dxc4 7. Qxc4 Qd5
8. Qxd5 Nxd5 9. Rc1 O-O 10. e4 f6 11. Bd2 Nb6 12. Nf3 Bd7 13. Bd3 Bc6 14. O-O
f5 15. Rfe1 fxe4 16. Bxe4 Nc4 17. Bg5 h6 18. Bh4 Bd5 19. Bg3 Na6 20. Bxd5 exd5
21. Re7 Rae8 22. Rce1 Rxe7 23. Rxe7 Rf7 24. Re8+ Rf8 25. Re7 Rf7 26. Re8+ Rf8
27. Re7 Rf7 28. Re8+ 28... Rf8 {Game drawn by repetition} 1/2-1/2

[Event "ICS rated blitz match"]
[Site "207.99.83.229"]
[Date "1999.06.12"]
[Round "?"]
[White "Hossa"]
[Black "blunite"]
[Result "1/2-1/2"]
[WhiteElo "2388"]
[BlackElo "2256"]
[PlyCount "129"]

1. d4 e6 2. e4 d5 3. e5 c5 4. Be3 Nc6 5. Nc3 cxd4 6. Bxd4 Nxd4 7. Qxd4 a6 8.
Nf3 Ne7 9. O-O-O Nc6 10. Qg4 Bd7 11. Bd3 b5 12. Qh5 g6 13. Qg4 Be7 14. g3 Qa5
15. Kb1 h5 16. Qf4 Rf8 17. Ng5 Bxg5 18. Qxg5 b4 19. Ne2 Qb6 20. Rhf1 a5 21. Nf4
Qd8 22. Qxd8+ Rxd8 23. Rfe1 Ke7 24. Ba6 Rb8 25. Nh3 Bc8 26. Bxc8 Rbxc8 27. Nf4
Rfd8 28. f3 Rc7 29. h4 Na7 30. Rd4 Nb5 31. Rd2 Rdc8 32. Rf1 a4 33. Kc1 b3 34.
axb3 axb3 35. c3 Ra7 36. Kd1 Ra1+ 37. Ke2 Rxf1 38. Kxf1 Ra8 39. Kf2 Ra1 40. Re2
Rb1 41. Ke3 Kd7 42. g4 hxg4 43. fxg4 Ke7 44. h5 gxh5 45. gxh5 Kf8 46. Rf2 Kg7
47. Kf3 d4 48. c4 Nc3 49. bxc3 dxc3 50. Nd3 Rd1 51. Ke3 c2 52. Ke2 Rxd3 53. h6+
Kxh6 54. Rf1 Rd4 55. Rh1+ Kg6 56. Rc1 b2 57. Rxc2 b1=Q 58. Ke3 Qxc2 59. Kxd4
Kf5 60. Ke3 Kxe5 61. Kf3 Qxc4 62. Kf2 Qe4 63. Kg3 Kf5 64. Kf2 Kf4 65. Kf1 {
blunite ran out of time and Hossa has no material to mate} 1/2-1/2